Spoločenská zodpovednosť podnikov a jej závislosť od úrovne sociálnej spôsobilosti vlastníkov a manažérov v podmienkach konkrétnych podnikov bakalárska práca

Enregistré dans:
Détails bibliographiques
Auteur principal: Hudáková, Floriána
Collectivité auteur: Fakulta podnikového manažmentu EU. Katedra manažmentu
Autres auteurs: Porvazník, Ján
Format: Livre
Langue:slovaque
Publié: Bratislava 2012
Tags: Ajouter un tag
Pas de tags, Soyez le premier à ajouter un tag!

MARC

LEADER 00000nbm a2200000 4500
001 0154090
005 20161109111820.4
041 0 |a slo 
044 |a SK 
245 1 0 |a Spoločenská zodpovednosť podnikov a jej závislosť od úrovne sociálnej spôsobilosti vlastníkov a manažérov v podmienkach konkrétnych podnikov  |b bakalárska práca  |c Floriána Hudáková ; školiteľ: Ján Porvazník 
264 1 |a Bratislava  |c 2012 
300 |a 57 s. 
100 1 |a Hudáková, Floriána 
700 1 |a Porvazník, Ján 
710 2 |a Fakulta podnikového manažmentu EU. Katedra manažmentu